000 01049cam a22002531 4500
001 pa 58000030
003 DLC
005 20260227111854.0
008 750717s1957 xx 000 0 spa
010 _apa 58000030
035 _a(OCoLC)1456974
040 _aDLC
_cFU
_dDLC
042 _apremarc
050 0 0 _aZ5074.E3
_bT517
100 1 _aThompson, Edgar T.
_q(Edgar Tristram),
_d1900-1989.
245 1 0 _aBibliografía de las plantaciones.
260 _aWáshington,
_bOficina de Ciencias Sociales, Departamento de Asuntos Culturales, Unión Panamericana,
_c1957.
300 _aviii, 93 p.
_c25cm.
490 1 _aOficina de Ciencias Sociales, Unión Panamerican. Estudios monográficos,
_v4
500 _a"Publicación conjunta del Programa de investigación y a diestramiento para el estudio del hombre en el trópico (Universidad de Columbia) y la Unión Panamericana."
500 _aIssued also in English.
650 0 _aPlantations
_vBibliography.
810 2 _aPan American Union.
_bSocial Science Section.
_tEstudios monográficos ;
_v4.
999 _c51364
_d51364